000 00572nam a2200193 i 4500
001 69458
003 ES-MaACL
005 20230906170527.0
007 t|
008 040706s1955 sp ||||1| spa d
100 1 _aGarcía Carrero, Melitino.
_954347
245 1 3 _aEl abogado /
_cMelitino García Carrero.
260 _aBarcelona :
_bCorinto,
_c[1955] (
_fSocitra)
300 _a190 p., 2 lám. :
_bil. ;
_c18 cm.
490 1 _aSerie vocación juvenil
830 0 _aSerie vocación juvenil
_9230992
852 _aES-MaACL
_jC-10665
_bR.37617
999 _c69458
_d69458